| 000 | 00631nam a2200229Ia 4500 | ||
|---|---|---|---|
| 005 | 20250508164608.0 | ||
| 008 | 008 250505s9999 xx 000 0 eng d | ||
| 020 | _a0-675-09138-1 | ||
| 037 | _aTextual | ||
| 040 |
_aFEDL _beng _cFEDL |
||
| 041 |
_aeng _2eng |
||
| 084 |
_a372.4, BET _qFEDL |
||
| 100 | _aBettelheim Bruno | ||
| 245 | 0 | _aOn learning to read : The child's fascination with meaning | |
| 260 |
_aLondon, UK _bPenguin Books _c1982 |
||
| 300 | _ax,306p. | ||
| 365 |
_aGBP _b8.99 |
||
| 546 | _aMACESE | ||
| 700 |
_a Zelan Karen _9778557 |
||
| 942 |
_cTEXL _h372.4, BET |
||
| 999 |
_c1390035 _d1390035 |
||